000 01514nam a2200337 i 4500
003 EG-GICUC
005 20260416111520.0
008 260304s1990 ua |||fr|||| 00| 0 ara d
017 _a2178/1986
040 _a EG-GICUC
_bara
_c EG-GICUC
_d EG-GICUC
_erda
041 0 _aara
082 0 4 _221
_a343.38062
_bع ب . م
092 0 4 _221
099 _aLaw1 10 343.38062 ع ب . م 2 ed - 1990
100 0 _aعبدالمنعم حسنى
_eمؤلف.
245 1 2 _aالمدونة الذهبية للقواعد القانونية التى قررتها محكمة النقض المصرية.
_nالعدد الثانى،
_pالإصدار الجنائى - العدد الثانى من أول عام 1981 حتى نهاية يونيه 1985 /
_cتأليف عبدالمنعم حسنى المحامى.
250 _aالطبعة الثانية
264 1 _aالهرم :
_bمركز حسنى للإصدارات القانونية،
_c1990.
300 _a1087 ؛ صفحة
_c24 سم.
_bإيضاحيات، صور، مثيليات ؛
336 _2rda content
_atext
337 _2rda media
_aComputer
338 _2rda carrier
_aOnline Resource
504 _aيشتمل على إرجاعات ببليوجرافية.
546 _aالنص باللغة العربية
650 1 _aالقانون الجنائى
_2qrmak
650 1 _aالأحكام الجنائية
_yمصر
_2qrmak
651 1 _2qrmak
856 4 0 _uhttps://fll.law.cu.edu.eg/fulltext/bks/B10-08586.pdf
905 _a43
_eYara
942 _2ddc
_cBK
_e21
_n0
999 _c64929
_d64929